Учение о рудных месторождениях: курс, читанный в Горном Институте; Вып. 1; Дополнения к курсу рудных месторождений, читанному профессором К. И. Богдановичем в 1907-08 году

Bibliografiske detaljer
Hovedforfatter: Богданович К. И. Карл Иванович
Summary:Конволют
Текст в русской дореформенной орфографии
Раздельная пагинация страниц
Sprog:russisk
Udgivet: Санкт-Петербург, Типография М. М. Стасюлевича, 1903
Copublished:К. И. Богданович. Дополнения к курсу рудных месторождений, читанному профессором К. И. Богдановичем в 1907-08 году
Fag:
Format: MixedMaterials Bog
KOHA link:https://koha.lib.tpu.ru/cgi-bin/koha/opac-detail.pl?biblionumber=249812

MARC

LEADER 00000nam0a2200000 4500
001 249812
005 20231101232516.0
035 |a (RuTPU)RU\TPU\book\271922 
035 |a RU\TPU\book\269002 
090 |a 249812 
100 |a 20140207d1903 k y0rusy50 ca 
101 0 |a rus 
102 |a RU 
105 |a y j 000zy 
200 1 |a Учение о рудных месторождениях  |e курс, читанный в Горном Институте  |h Вып. 1  |f К. И. Богданович 
210 |a Санкт-Петербург  |c Типография М. М. Стасюлевича  |d 1903 
215 |a VI, 276, 160 с. 
300 |a Конволют 
300 |a Текст в русской дореформенной орфографии 
300 |a Раздельная пагинация страниц 
316 |5 63413507: 179776  |a Владельческий переплет с владельческими инициалами: "П.П.Г." 
316 |5 63413507: 179776  |a Пометы в тексте 
317 |5 63413507: 179776  |a Поступил в НТБ в 1940 г. в составе книжного собрания академика М. А. Усова 
423 |t Дополнения к курсу рудных месторождений, читанному профессором К. И. Богдановичем в 1907-08 году  |f К. И. Богданович  |a Богданович, Карл Иванович 
606 1 |a Рудные (металлоносные) месторождения  |2 stltpush  |3 (RuTPU)RU\TPU\subj\26025  |9 50044 
610 1 |a учебные пособия 
610 1 |a Библиотека М. А. Усова 
610 1 |a Библиотека П. П. Гудкова 
610 1 |a владельческие знаки 
610 1 |a классификации 
610 1 |a жилы 
610 1 |a формации 
610 1 |a искусственные минералы 
610 1 |a природные минералы 
610 1 |a получение 
675 |a 553.3/.4  |v 3 
700 1 |a Богданович  |b К. И.  |c крупнейший русский и польский ученый  |c горный инженер  |c профессор геологии Санкт-Петербургского Горного института  |c директор Геологического Комитета  |c академик Польской АН  |f 1864-1947  |g Карл Иванович  |2 stltpush  |3 (RuTPU)RU\TPU\pers\24835  |9 11040 
801 1 |a RU  |b 63413507  |c 20131230 
801 2 |a RU  |b 63413507  |c 20210427  |g RCR 
942 |c BK